Analýza nákladov rozpočtovej organizácie, príspevkovej organizácie a obce diplomová práca

Enregistré dans:
Détails bibliographiques
Auteur principal: Zoričák, Ondrej
Collectivité auteur: Fakulta hospodárskej informatiky EU. Katedra účtovníctva a audítorstva
Autres auteurs: Kovalčíková, Antónia
Format: Livre
Langue:slovaque
Publié: Bratislava 2016
Tags: Ajouter un tag
Pas de tags, Soyez le premier à ajouter un tag!

MARC

LEADER 00000nbm a2200000 4500
001 0219009
005 20240905112038.0
041 0 |a slo 
044 |a SK 
245 1 0 |a Analýza nákladov rozpočtovej organizácie, príspevkovej organizácie a obce  |b diplomová práca  |c Ondrej Zoričák ; školiteľ: Antónia Kovalčíková 
264 1 |a Bratislava  |c 2016 
300 |a 73 s. 
100 1 |a Zoričák, Ondrej 
700 1 |a Kovalčíková, Antónia 
710 2 |a Fakulta hospodárskej informatiky EU. Katedra účtovníctva a audítorstva